Statistics for NBA Playoffs Top 100 All-Time: Field Goal Percentage

Click here to take the quiz!

General Stats

  • This quiz has been taken 33 times
    (16 since last reset)
  • The average score is 52 of 100

Answer Stats

#PlayerFG%% Correct
34Hakeem Olajuwon52.83%
100%
13Kevin McHale56.13%
100%
88LeBron James49.53%
100%
1Rudy Gobert66.77%
100%
12Shaquille O'Neal56.27%
100%
76Tim Duncan50.14%
100%
51Alonzo Mourning51.22%
93%
41Buck Williams51.97%
93%
2DeAndre Jordan66.21%
93%
6Dwight Howard58.91%
93%
30Kareem Abdul-Jabbar53.28%
93%
61Magic Johnson50.59%
93%
9Mark West56.62%
93%
99Marques Johnson48.86%
93%
57Pau Gasol50.75%
93%
62Robert Parish50.56%
93%
4Steven Adams61.45%
93%
37Bill Walton52.51%
87%
96Dennis Rodman49.00%
87%
35Giannis Antetokounmpo52.65%
87%
33Horace Grant53.00%
87%
42Nikola Jokić51.92%
87%
40Wilt Chamberlain52.24%
87%
67Al Horford50.38%
80%
50Amar'e Stoudemire51.23%
80%
26Anthony Davis53.79%
80%
49Charles Barkley51.35%
80%
29Dale Davis53.28%
80%
54Kawhi Leonard51.10%
80%
75Kendrick Perkins50.17%
80%
81Shawn Kemp49.81%
80%
87Walter Davis49.58%
80%
73Andrew Bynum50.18%
73%
25Bobby Jones53.95%
73%
45Dikembe Mutombo51.71%
73%
21James Worthy54.40%
73%
46Jimmy Jones51.66%
73%
85Julius Erving49.65%
73%
80Serge Ibaka49.89%
73%
14Artis Gilmore56.08%
67%
93Blake Griffin49.23%
67%
65Brook Lopez50.45%
67%
5Clint Capela60.20%
67%
79Mychal Thompson50.06%
67%
10Tristan Thompson56.42%
67%
3Deandre Ayton65.08%
60%
59Rik Smits50.65%
60%
16Bam Adebayo55.89%
53%
94Bob McAdoo49.05%
53%
78George Gervin50.06%
53%
18Jonas Valančiūnas54.89%
53%
8Otis Thorpe56.91%
53%
92Wes Unseld49.33%
53%
39Anthony Mason52.36%
47%
15Bernard King55.93%
47%
47Elton Brand51.63%
47%
23Larry Nance54.12%
47%
32Nenê Hilário53.01%
47%
43Brad Daugherty51.89%
40%
11Marcin Gortat56.37%
40%
52Maurice Cheeks51.16%
40%
71Mike McGee50.25%
40%
38Adrian Dantley52.47%
33%
69Alex English50.30%
33%
48Antoine Carr51.37%
33%
20Cedric Maxwell54.51%
33%
89Chris Mullin49.46%
33%
55Kiki Vandeweghe50.97%
33%
84Ralph Sampson49.74%
33%
56Reggie Lewis50.96%
33%
44Taj Gibson51.85%
33%
53Walt Frazier51.13%
33%
31Bob Lanier53.19%
27%
19Darryl Dawkins54.64%
27%
82Don Nelson49.79%
27%
64John Salley50.51%
27%
7Kurt Rambis57.37%
27%
72Terry Cummings50.19%
27%
66Boris Diaw50.39%
20%
36Doug Collins52.61%
20%
74Mike Mitchell50.18%
20%
63Alton Lister50.52%
13%
91John Paxson49.35%
7%
100Rudy Tomjanovich48.85%
7%
90Steve Mix49.39%
7%
60Tom Owens50.62%
7%
17Billy Knight54.97%
0%
70Bob Netolicky50.26%
0%
97Brian Winters49.00%
0%
68Calvin Natt50.31%
0%
27Clifford Ray53.77%
0%
77Danny Manning50.10%
0%
28Jim Eakins53.72%
0%
95John Beasley49.03%
0%
98Jon McGlocklin48.90%
0%
24Randy Wittman53.96%
0%
58Shaun Livingston50.69%
0%
22Trooper Washington54.24%
0%
83Willie Wise49.78%
0%
86Zelmo Beaty49.61%
0%

Score Distribution

Percentile by Number Answered

Percent of People with Each Score

Your Score History

You have not taken this quiz since the last reset